[Event "Ruhrgebiet Verbandsbezirksliga Gr 1"]
[Site "Ruhrgebiet"]
[Date "2018.11.11"]
[Round "3.3"]
[White "Burosch, Raimund"]
[Black "Breuer, Mathias"]
[Result "1/2-1/2"]
[WhiteElo "1390"]
[BlackElo "1676"]
[PlyCount "80"]
[EventDate "2018.09.30"]
[EventType "team-tourn"]
[EventRounds "9"]
[EventCountry "GER"]
[SourceTitle "EXT 2022"]
[Source "ChessBase"]
[SourceDate "2021.10.06"]
[SourceVersion "1"]
[SourceVersionDate "2021.10.06"]
[SourceQuality "1"]
[WhiteTeam "Unna SV II"]
[BlackTeam "Hamm SG Caissa"]
[WhiteTeamCountry "GER"]
[BlackTeamCountry "GER"]

1. Nf3 Nf6 2. g3 g6 3. Bg2 Bg7 4. d3 d5 5. Nbd2 Nc6 6. 0-0 0-0 7. e4 dxe4 8. dxe4 e5 9. c3 h6 10. Qe2 a6 11. Rd1 Be6 12. b3 Nd7 13. Bb2 Re8 14. Nf1 Ne7 15. c4 c6 16. Nxe5 Qc8 17. Nxd7 Bxd7 18. Bxg7 Kxg7 19. Qb2+ Kg8 20. Rd2 Qc7 21. Rad1 Be6 22. Ne3 Rad8 23. Rxd8 Rxd8 24. Rxd8+ Qxd8 25. Qc3 Nc8 26. h4 h5 27. f4 Nd6 28. Qd2 Qe7 29. Qb4 Qd7 30. Qe1 f5 31. e5 Ne8 32. Qd1 Qe7 33. Nc2 Kf8 34. Kf2 Qc7 35. Nd4 Bc8 36. Nf3 Qa5 37. Qd2 Qb6+ 38. Kf1 Ke7 39. Qc3 Qd8 40. Qd2 Qb6 1/2-1/2

[Event "Ruhrgebiet Verbandsbezirksliga Gr 1"]
[Site "Ruhrgebiet"]
[Date "2018.09.30"]
[Round "1.4"]
[White "Breuer, Mathias"]
[Black "Weigang, Peter"]
[Result "1/2-1/2"]
[WhiteElo "1676"]
[BlackElo "1673"]
[PlyCount "50"]
[EventDate "2018.09.30"]
[EventType "team-tourn"]
[EventRounds "9"]
[EventCountry "GER"]
[SourceTitle "EXT 2022"]
[Source "ChessBase"]
[SourceDate "2021.10.06"]
[SourceVersion "1"]
[SourceVersionDate "2021.10.06"]
[SourceQuality "1"]
[WhiteTeam "Hamm SG Caissa"]
[BlackTeam "Hamm Koenigsspringer II"]
[WhiteTeamCountry "GER"]
[BlackTeamCountry "GER"]

1. e4 c6 2. d4 d5 3. e5 Bf5 4. Bd3 Bxd3 5. Qxd3 e6 6. f4 Nd7 7. Nf3 c5 8. c3 cxd4 9. cxd4 Bb4+ 10. Bd2 Bxd2+ 11. Qxd2 Ne7 12. Nc3 Rc8 13. Nb5 0-0 14. Nxa7 Ra8 15. Nb5 Qb6 16. Nd6 Nc8 17. Nxc8 Rfxc8 18. 0-0 Qa6 19. b3 Nb8 20. Rfc1 Rxc1+ 21. Rxc1 Nc6 22. a4 Qb6 23. Qd3 h6 24. Rc5 Ra5 25. Rxa5 Nxa5 1/2-1/2

[Event "Ruhrgebiet Bezirksliga 17/18"]
[Site "Ruhrgebiet"]
[Date "2018.03.11"]
[Round "8.5"]
[White "Breuer, Mathias"]
[Black "Weigang, Peter"]
[Result "1/2-1/2"]
[WhiteElo "1660"]
[BlackElo "1662"]
[PlyCount "44"]
[EventDate "2017.09.03"]
[EventType "team-tourn"]
[EventRounds "9"]
[EventCountry "GER"]
[SourceTitle "EXT 2022"]
[Source "ChessBase"]
[SourceDate "2021.10.06"]
[SourceVersion "1"]
[SourceVersionDate "2021.10.06"]
[SourceQuality "1"]
[WhiteTeam "Hamm SG Caissa"]
[BlackTeam "Hamm Koenigsspringer II"]
[WhiteTeamCountry "GER"]
[BlackTeamCountry "GER"]

1. e4 c6 2. d4 d5 3. e5 Bf5 4. Bd3 Bxd3 5. Qxd3 e6 6. f4 Ne7 7. Nc3 Nd7 8. Nce2 Qb6 9. Nf3 c5 10. c3 c4 11. Qc2 g6 12. Be3 Nf5 13. Bf2 Be7 14. g4 Ng7 15. Ng3 h5 16. h3 hxg4 17. hxg4 Rxh1+ 18. Nxh1 0-0-0 19. 0-0-0 Rh8 20. Ng3 Qd8 21. Rh1 Rxh1+ 22. Nxh1 Qh8 1/2-1/2

[Event "Ruhrgebiet Bezirksliga 16/17"]
[Site "Ruhrgebiet"]
[Date "2017.01.22"]
[Round "7.7"]
[White "Hellwig, Hugo"]
[Black "Breuer, Mathias"]
[Result "1/2-1/2"]
[WhiteElo "1499"]
[BlackElo "1603"]
[PlyCount "47"]
[EventDate "2016.08.28"]
[EventType "team-tourn"]
[EventRounds "11"]
[EventCountry "GER"]
[SourceTitle "EXT 2022"]
[Source "ChessBase"]
[SourceDate "2021.10.06"]
[SourceVersion "1"]
[SourceVersionDate "2021.10.06"]
[SourceQuality "1"]
[WhiteTeam "Hamm Koenigsspringer II"]
[BlackTeam "Hamm SG Caissa"]
[WhiteTeamCountry "GER"]
[BlackTeamCountry "GER"]

1. e4 e5 2. Nf3 Nf6 3. Nc3 Bb4 4. Bc4 Nc6 5. 0-0 0-0 6. d3 h6 7. Bd2 a6 8. a3 Bc5 9. h3 d6 10. Qe2 Be6 11. Ba2 Bxa2 12. Nxa2 Nh7 13. Be3 Bxe3 14. fxe3 f5 15. exf5 Rxf5 16. Nc3 Ne7 17. Ne4 Qd7 18. Ng3 Rf7 19. c3 Raf8 20. Nh2 Ng5 21. Rxf7 Rxf7 22. Qg4 Qb5 23. Qe2 e4 24. d4 1/2-1/2